000 01831cad a22002535a 4500
001 L151022
008 100923s2010 xxk f 000 0 eng d
020 _a9781444323788
035 _a(Sirsi) u151022
041 0 _aeng
050 0 4 _a307.116 $2 18
245 0 0 _aMaking competitive cities
_h[electronic resource]
260 _bWiley-Blackwell
_c2010
300 _aeBook
505 2 _aMaking Competitive Cities: Debates and Challenges -- The Idea of the Creative or Knowledge-Based City -- Pathways in Europe -- Stable Trajectories Towards the Creative Knowledge City? -- Reinventing the City: Barcelona, Birmingham and Dublin -- Institutional Change and New Development Paths: Budapest, Leipzig, Poznan, Riga and Sofia -- Changing Specialisations and Single Sector Dominance -- What Works for Managers and Highly Educated Workers in Creative Knowledge Industries -- Managers and Entrepreneurs in Creative and Knowledge-Intensive Industries: What Determines Their Location? Toulouse, Helsinki, Budapest, Riga and Sofia -- Attracting Young and High-Skilled Workers: Amsterdam, Milan and Barcelona -- Working on the Edge? Creative Jobs in Birmingham, Leipzig and Poznan -- What Policies Should Cities Adopt? -- Strategic Economic Policy: Milan, Dublin and Toulouse -- Beyond Cluster Policy? Birmingham, Poznan and Helsinki -- Policies for Firms or Policies for Individuals? Amsterdam -- New Governance, New Geographic Scales, New Institutional Settings -- Synthesis: Re-making the Competitive City
590 _aka ntk
650 2 4 _aEBOOK
651 4 _aINTERNATIONAL
690 _aENVIRONMENTAL AND LAND CONSULTANCY-PLANNING AND DEVELOPMENT
700 1 _aMusterd, Sako
700 1 _aMurie, Alan
856 4 8 _uhttps://www.vlebooks.com/
_zView on VLEbooks. Logins for members only from [email protected]
942 _n0
999 _c111101
_d111101